|
|
|
|
| LEADER |
00000nab a2200000 a 4500 |
| 001 |
vtls000364713 |
| 003 |
SK-MaSNL |
| 005 |
20260426071756.0 |
| 008 |
230223c1989 xo 0 slo |
| 015 |
|
|
|a SNBRB19rr/mm-uuuuu
|
| 035 |
|
|
|a CL0364835
|
| 035 |
|
|
|a urn:nbn:sk:snk-ab29gj
|
| 035 |
|
|
|a (urnnbn)urn:nbn:sk:snk:ar-a01zik
|
| 035 |
|
|
|a (uuid)8d5acbbe-45a8-47b1-a734-0a59b8c6e9a8
|
| 040 |
|
|
|a SNKBUCL
|b slo
|c SNKBUCL
|e AACR2
|
| 041 |
0 |
|
|a slo
|
| 044 |
|
|
|a xo
|c SK
|
| 080 |
|
|
|a 631.115
|2 1981
|
| 080 |
|
|
|a 349.42
|2 1981
|
| 100 |
1 |
|
|a Kolesár, Juraj,
|d 1929-2003
|4 aut
|9 202639
|
| 245 |
1 |
0 |
|a K novému zákonu o poľnohospodárskom družstevníctve
|c Juraj Kolesár
|
| 300 |
|
|
|b Res. rus., angl., lit. 4 zázn. v slov., češ.
|
| 650 |
0 |
7 |
|a poľnohospodárske družstvá
|2 snkbucl
|9 30107
|
| 650 |
0 |
7 |
|a zákony
|2 snkbucl
|9 1156
|
| 651 |
|
7 |
|a Slovensko
|2 snkbucl
|9 14231
|
| 655 |
|
7 |
|a články z novín a časopisov
|2 snkbucl
|9 267496
|
| 773 |
0 |
|
|t Právny obzor
|g Roč. 72, č. 6 (1989), s. 475-486
|
| 850 |
|
|
|a Slovenská národná knižnica v Martine
|a MTA001
|
| 852 |
|
|
|a SNK
|b KIS3GCP
|
| 954 |
|
|
|a odborná, vedecká literatúra pôvodná (slovenská)
|2 lita
|
| 958 |
|
|
|a NB
|
| 958 |
|
|
|a RK
|
| 958 |
|
|
|a OND
|
| 958 |
|
|
|a EUIPO
|
| 958 |
|
|
|a article27
|
| 992 |
|
|
|a RBX
|
| 999 |
|
|
|c 2681925
|d 2683855
|